|
|
|
|
| LEADER |
00000nam0a2200000 4500 |
| 001 |
149705 |
| 005 |
20231031145938.0 |
| 010 |
|
|
|a 5768802592
|
| 020 |
|
|
|a RU
|b 89-46139
|
| 035 |
|
|
|a (RuTPU)RU\TPU\book\162305
|
| 090 |
|
|
|a 149705
|
| 100 |
|
|
|a 20081219d1989 m y0rusy5003 ca
|
| 101 |
0 |
|
|a rus
|
| 102 |
|
|
|a RU
|
| 105 |
|
|
|a y z 000ay
|
| 200 |
1 |
|
|a Старослободские повести
|f Г. Н. Скобликов
|
| 210 |
|
|
|a Челябинск
|c Южно-Уральское кн. изд-во
|d 1989
|
| 215 |
|
|
|a 237,[2] с.
|
| 333 |
|
|
|a Исключено из фонда НТБ ТПУ
|
| 700 |
|
1 |
|a Скобликов
|b Г. Н.
|g Геннадий Николаевич
|
| 801 |
|
0 |
|a RU
|b RuMRKP
|c 19950417
|g psbo
|
| 801 |
|
1 |
|a RU
|b 63413507
|c 20081219
|g PSBO
|
| 801 |
|
2 |
|a RU
|b 63413507
|c 20220517
|g PSBO
|
| 942 |
|
|
|c BK
|